000 00309nam a22001337a 4500
020 _a0-7513-6910-1
082 _a030
_bDOR/M
100 _aDORLIMNG KINDERSLEY
245 _aMAMMALS
_bPICTUREPEDIA
260 _aLONDON
_bDK LIMITED
_c1993
300 _a49
650 _aENCYCLOPEDIA
_zUNITED KINGDOM
942 _cBK
999 _c2291
_d2291